[Event "Vic Primavera op 1st"]
[Site "Vic"]
[Date "2022.06.03"]
[Round "7"]
[White "Canal Sala, Pau"]
[Black "Riera Marcos, Albert"]
[Result "1-0"]
[WhiteElo "1627"]
[BlackElo "1719"]
[PlyCount "73"]
[EventDate "2022.04.22"]
[EventType "swiss"]
[EventRounds "8"]
[EventCountry "ESP"]
[SourceTitle "EXT 2023"]
[Source "ChessBase"]
[SourceDate "2022.10.05"]
[SourceVersion "1"]
[SourceVersionDate "2022.10.05"]
[SourceQuality "1"]

1. e4 e5 2. Nf3 Qe7 3. Bc4 d6 4. Nc3 c6 5. d3 Bg4 6. h3 Bxf3 7. Qxf3 Nf6 8. Bg5 Nbd7 9. 0-0 g6 10. a4 Bg7 11. Rfe1 Nc5 12. b4 Ne6 13. Be3 0-0 14. Rab1 h6 15. b5 Kh7 16. bxc6 bxc6 17. Ne2 Ng8 18. Ng3 Qd7 19. Rb3 Ne7 20. Reb1 d5 21. Rb7 Qd6 22. exd5 cxd5 23. Bb5 d4 24. Rd7 Qa3 25. Bd2 Qa2 26. Qd1 Ng8 27. Bb4 Rfc8 28. Bc4 Qxa4 29. Rxf7 Nd8 30. Rf3 Rab8 31. Bd6 Rxb1 32. Qxb1 Qc6 33. Bf8 Nf6 34. Bxg7 Kxg7 35. Qb4 Rc7 36. Ne4 Nxe4 37. Qf8+ 1-0

[Event "Vic Primavera op 1st"]
[Site "Vic"]
[Date "2022.04.22"]
[Round "1"]
[White "Botifoll Benasat, Ramon"]
[Black "Canal Sala, Pau"]
[Result "1-0"]
[WhiteElo "2039"]
[BlackElo "1627"]
[PlyCount "59"]
[EventDate "2022.04.22"]
[EventType "swiss"]
[EventRounds "8"]
[EventCountry "ESP"]
[SourceTitle "EXT 2023"]
[Source "ChessBase"]
[SourceDate "2022.10.05"]
[SourceVersion "1"]
[SourceVersionDate "2022.10.05"]
[SourceQuality "1"]

1. d4 d5 2. Nf3 Nf6 3. Bf4 e6 4. e3 Bd6 5. Ne5 0-0 6. Bd3 c5 7. c3 Qc7 8. Nd2 b6 9. Rc1 Ba6 10. c4 Nbd7 11. Ndf3 Rac8 12. cxd5 Bxd3 13. dxe6 Ba6 14. exd7 Nxd7 15. Qa4 Bxe5 16. Nxe5 Qb7 17. Nxd7 Rfd8 18. Ne5 Qxg2 19. Qxa6 Qxh1+ 20. Kd2 Qg2 21. Ke2 Qd5 22. b4 f6 23. Nf3 c4 24. Rc3 b5 25. a4 bxa4 26. Qxa4 Qe4 27. Nd2 Qe6 28. b5 Rxd4 29. Bg3 Kh8 30. Qa6 1-0